Family relationship and household management of unemployed fathers in Barangay Sampaloc Tanay Rizal / (Record no. 16950)

MARC details
000 -LEADER
fixed length control field 00977nam a22002657i 4500
003 - CONTROL NUMBER IDENTIFIER
control field URS
005 - DATE AND TIME OF LATEST TRANSACTION
control field 20220117151142.0
008 - FIXED-LENGTH DATA ELEMENTS--GENERAL INFORMATION
fixed length control field 180108b xxu||||| |||| 00| 0 eng d
050 14 - LIBRARY OF CONGRESS CALL NUMBER
Classification number HQ 708
Item number Sa557 2012
100 1# - MAIN ENTRY--PERSONAL NAME
Personal name Sanchez, Rizza A,
Relator term author
245 10 - TITLE STATEMENT
Title Family relationship and household management of unemployed fathers in Barangay Sampaloc Tanay Rizal /
Statement of responsibility, etc. Rizza A. Sanchez, Flordeliza C. Pine.
260 #1 - PUBLICATION, DISTRIBUTION, ETC.
Date of publication, distribution, etc. 2012.
300 ## - PHYSICAL DESCRIPTION
Extent xvii, 140 leaves ;
Other physical details illustrationS (some colour) :
Dimensions 28 cm
336 ## - CONTENT TYPE
Source rdacontent
Content type term text
336 ## - CONTENT TYPE
Source rdacontent
Content type term still image
337 ## - MEDIA TYPE
Source rdamedia
Media type term unmediated
338 ## - CARRIER TYPE
Source rdacarrier
Carrier type term volume
502 ## - DISSERTATION NOTE
Dissertation note Thesis
Degree type Bachelor of Science in Psychology
Name of granting institution University of Rizal System
Year degree granted 2012
504 ## - BIBLIOGRAPHY, ETC. NOTE
Bibliography, etc. note Includes bibliographical references.
650 #0 - SUBJECT ADDED ENTRY--TOPICAL TERM
Topical term or geographic name entry element Unemployed
650 #0 - SUBJECT ADDED ENTRY--TOPICAL TERM
Topical term or geographic name entry element Families
General subdivision Psychological aspects
700 1# - ADDED ENTRY--PERSONAL NAME
Personal name Pine, Flordeliza C.
Relator term author
700 1# - ADDED ENTRY--PERSONAL NAME
Personal name Habulan, Belinda Lourdes M.
Relator term degree supervisor
942 ## - ADDED ENTRY ELEMENTS (KOHA)
Source of classification or shelving scheme Library of Congress Classification
Koha item type Theses and dissertations
Holdings
Withdrawn status Source of classification or shelving scheme Damaged status Not for loan Collection code Home library Current library Shelving location Date acquired Total Checkouts Full call number Barcode Date last seen Price effective from Koha item type
  Library of Congress Classification     Non-fiction Tanay College Library Tanay College Library General Stacks 01/08/2018   HQ 708 Sa557 2012 URSTAN-UGT2707 07/06/2023 01/08/2018 Theses and dissertations

University of Rizal System
Email us at univlibservices@urs.edu.ph

Visit our Website www.urs.edu.ph/library